Land vs. Land #4 - Statistiken

Allgemein
  • Dieses Quiz wurde 55 mal gespielt
  • Das Durchschnittsergebnis liegt bei 10 aus 14
Antwortstatistiken
Frage Antwort % Korrekt
...Bruttoinlandsprodukt? Monaco🇲🇨
98%
...Bruttoinlandsprodukt pro Kopf? Monaco🇲🇨
98%
...durchschnittlicher IQ? Monaco🇲🇨
98%
...Gewinner? Monaco🇲🇨
98%
...Gesundheitswesen? Monaco🇲🇨
96%
...Lebenserwartung? Monaco🇲🇨
96%
Tourismus? Monaco🇲🇨
94%
...Fläche? St. Kitts🇰🇳
86%
...Happy Planet Index? Monaco🇲🇨
76%
...Militär? St. Kitts🇰🇳
76%
...Einwohner? St. Kitts🇰🇳
57%
...Exportmengen? Monaco🇲🇨
45%
...HDI (Human Development Index)? St. Kitts🇰🇳
10%
...Frieden? St. Kitts🇰🇳
6%
Keine übereinstimmenden Quizze gefunden
Verteilung der Resultate
Anzahl Personen mit jedem Resultat
Perzentil nach korrekt beantworteten Fragen
Ihre Resultats-Entwicklung
Sie haben dieses Quiz noch nicht gespielt